| 000 | 00000nam##2200000za#4500 |
| 001 | 9.663519 |
| 003 | CaOODSP |
| 005 | 20200401064651 |
| 007 | ta |
| 008 | 150407|2002||||xxc||||| f|0| 0 eng|d |
| 020 | |a0-662-66357-8 |
| 040 | |aCaOODSP|beng |
| 041 | |aeng |
| 041 | |afre |
| 043 | |an-cn--- |
| 086 | 1 |aC2-596/2001 |
| 110 | 1 |aCanada. |bIndustry Canada. |
| 245 | 10|aAchieving excellence: investing in people, knowledge and opportunity : |bCanada's innovation strategy |
| 260 | |aOttawa - Ontario : |bIndustry Canada |c2002. |
| 300 | |aEnglish text, 91p. : |bgraphs, illus. ; |c28 cm. |
| 546 | |aBilingual |
| 563 | |aSoftcover |
| 590 | |a02-24|b2002-06-14 |
| 690 | 07|aKnowledge based economy|2gcpds |
| 690 | 07|aStrategies|2gcpds |
| 690 | 07|aTechnological innovation|2gcpds |
| 776 | 0#|tAtteindre l'excellence : |w(CaOODSP)9.630736 |
| 776 | 0#|tAchieving excellence : |w(CaOODSP)9.686256 |
| 792 | |tAtteindre l'excellence: investir dans les gens, le savoir et les possibilités : |efre|w(CaOODSP)9.663520 |
| 986 | |a53564B |